00229nam a2200097Ia 4500008004100000041000800041100001700049245003700066260000900103999001900112230508s1986 xx 000 0 und d aeng aGROB BARNARD aBASIC TELEVISION & RADIO SYSTEMS c1986 c729760d729760